| 000 | 00438nam a22001817a 4500 | ||
|---|---|---|---|
| 003 | OSt | ||
| 005 | 20120302144139.0 | ||
| 008 | 090303t xxu||||| |||| 00| 0 eng d | ||
| 035 | _a716 | ||
| 040 | _cENGLISH | ||
| 100 |
_aMENON, T. K. N. _91458 |
||
| 245 | _aTEACHING OF ENGLISH AS A FOREIGN LANGUAGE | ||
| 250 | _a2 ND | ||
| 260 |
_aBARODA _bACHARYA _c1960 |
||
| 300 | _b216 P. | ||
| 700 |
_aPATEL, M. S. _91459 |
||
| 942 |
_2ddc _cBOOK |
||
| 999 |
_c486646 _d486643 |
||